000 01997cas a2200565 a 4500
001 62603
005 20200519143733.0
008 100511c20109999sw mr|p |0 b0swe c
022 0 _a2000-5717
035 _a(SE-LIBR)11836964
082 0 _a331.8
084 _aOhai-cza Vårdförbundet(p)
_2kssb/8
222 0 _aVårdfokus
245 1 0 _aVårdfokus :
_btidning för Vårdförbundet
260 _aStockholm :
_bVårdförbundet,
_c2010-
310 _a11 nr/år
362 0 _aÅrg. 34(2010): nr 5-
610 2 4 _aVårdförbundet
_0206291
655 7 _aFackförbundspress
_0215827
_2saogf
655 7 _aPeriodika
_2saogf
_0353495
710 2 _aVårdförbundet
_4pbl
_0206291
762 0 _w62612
762 0 _w64874
780 0 0 _tVårdfacket
_x0347-0911
_wIMP(SE-LIBR)8261482
856 4 8 _uhttp://www.vardforbundet.se/vardfokus/
_zTidskriftens webbplats
910 _6610,710
_aVårdförbundet SHSTF
_uVårdförbundet
950 _6650
950 _6650
950 _6650
950 _6650
950 _6650
950 _6650
950 _6650
950 _6650
950 _6650
950 _6650
950 _6650
950 _6650
950 _6650
950 _6650
950 _6650
950 _6650
950 _6650
955 _6655
955 _6655
955 _6655
955 _6655
955 _6655
955 _6655
999 _c8957
_d8957